LEADER 02343nas# 2200337 i 450 001 SUN0035893 005 20180313024420.764 010 $d0.00 011 $a1040-4651 100 $a20050506a1989 |0engc50 ba 101 $aeng 102 $aUS 105 $a|||| ||||| 110 $aaM||||||||| 200 1 $aThe *plant cell 205 $aVol. 1, n. 1(Jan. 1989)- 207 $aRockville : American society of plant physiologists, 1989- 210 $avolumi$cill. ; 28 cm 215 $aMensile. 620 $dRockville$3SUNL000208 676 $a572$cBiochimica. Citochimica. Istochimica$v22 676 $a571.2$cFisiologia vegetale$v22 712 02$aAmerican Society of Plant Physiologists$3SUNV030227 712 $aAmerican society of plant physiologists$3SUNV000788$4650 801 $aIT$bSOL$c20190121$gRICA 856 4 $uhttp://www.plantcell.org/content/by/year 899 $aUFFICIO DI BIBLIOTECA DEL DIPARTIMENTO DI SCIENZE E TECNOLOGIE AMBIENTALI BIOLOGICHE E FARMACEUTICHE$1IT-CE0101$2SUN17$41999-2008; 2010; lac. 1999; 2003;$cH1-H2-H3 ; 912 $aSUN0035893 950 $aUFFICIO DI BIBLIOTECA DEL DIPARTIMENTO DI SCIENZE E TECNOLOGIE AMBIENTALI BIOLOGICHE E FARMACEUTICHE$b171999-2008; 2010; lac. 1999; 2003;$d17CONS G14 2006 $e17BIB1166 18 20110518 $d17CONS G13 1999 $e17DSV494 11 20110518 $d17CONS G13 2001 $e17DSV663 13 20110518 $d17CONS G13 2000 $e17DSV670 12 20110518 $d17CONS G13 2002 $e17DSV692 14 20110518 $d17CONS G13 2003 $e17DSV787 15 20110518 $d17CONS G14 2004 $e17DSV1065 16 20110518 $d17CONS G14 2005 $e17DSV1182 17 20110518 $d17CONS G15 2007 $e17DSV1445 19 20110518 $d17CONS G15 2008 $e17DSV1507 20 20110518 $d17CONS G15 2010 $e17DSV1608 22 20110518 996 $aPlant cell$9263721 997 $aUNICAMPANIA LEADER 00819cam0 2200241 450 001 E600200041371 005 20210603093612.0 100 $a20081024d1979 |||||ita|0103 ba 101 $aita 102 $aIT 200 1 $aSaggio su "Società"$eMarxismo e politica culturale nel dopoguerra e negli anni cinquanta$fGiovanni Di Domenico 210 $aNapoli$cLiguori$d1979 215 $a174 p.$d21 cm 700 1$aDi Domenico$b, Giovanni$3A600200050555$4070$0326042 801 0$aIT$bUNISOB$c20210603$gRICA 850 $aUNISOB 852 $aUNISOB$j320$m33258 912 $aE600200041371 940 $aM 102 Monografia moderna SBN 941 $aM 957 $a320$b000901$gSi$d33258$rAcquisto$1pregresso3$2UNISOB$3UNISOB$420081024110741.0$520191220113424.0$6Spinosa 996 $aSaggio su Società$9137735 997 $aUNISOB LEADER 01533cam0-22004331i-450 001 990001602370403321 005 20220513111754.0 035 $a000160237 035 $aFED01000160237 035 $a(Aleph)000160237FED01 035 $a000160237 100 $a20030910d1889----km-y0itay50------ba 101 0 $aita 102 $aIT 105 $ay-------001yy 200 1 $aAnalisi della proprietà capitalista$fdi Achille Loria 210 $aTorino ; Roma$cBocca$d1889 215 $a2 v.$d24 cm 225 1 $aBiblioteca di scienze sociali$v8$v9 307 $a1.: XVIII, 777 p. ; 2.: VI, 474 p. 327 1 $a1.: Le leggi organiche della costituzione aconomica$a2.: Le forme storiche della costituzione economica 610 0 $aEconomia politica 610 0 $aCapitalismo 610 0 $aProprietà 676 $a330.1$v19$zita 676 $a330.122$v19$zita 700 1$aLoria,$bAchille$f<1857-1943>$068028 801 0$aIT$bUNINA$gRICA$2UNIMARC 856 4 $zVisualizza la versione elettronica in SBNWeb$uhttps://www.byterfly.eu/islandora/object/librib:645677#page/4/mode/2up$e20220513 856 4 $zVisualizza la versione elettronica in SBNWeb$uhttps://www.byterfly.eu/islandora/object/librib:638796#page/4/mode/2up$e20220513 901 $aBK 912 $a990001602370403321 952 $aXV H 237 (1)$b4311$fFGBC 952 $aXV H 237 (2)$bs.i.$fFGBC 952 $a60 330.1 B 3$b4690/91$fFAGBC 959 $aFAGBC 959 $aFGBC 996 $aAnalisi della proprietà capitalista$9368238 997 $aUNINA LEADER 01040nam a2200301 i 4500 001 991001424639707536 005 20020507193217.0 008 950227s1969 de ||| | ger 035 $ab10845677-39ule_inst 035 $aLE01312077$9ExL 040 $aDip.to Matematica$beng 082 0 $a432.51 084 $aAMS 76C 100 1 $aWieghardt, Karl$0537192 245 10$aTheoretische Stromunglehre :$beine Einfuhrung /$cKarl Wieghardt 250 $a2. Auflage 260 $aStuttgart :$bTeubner,$c1969 300 $a226 p. ;$c21 cm. 490 0 $aLeitfaden der angewandten Mathematik und Mechanik (LAMM) 500 $a1. ed.: 1965 650 4$aIncompressible inviscid fluids 650 4$aVorticity flows 907 $a.b10845677$b23-02-17$c28-06-02 912 $a991001424639707536 945 $aLE013 76C WIE11 (1969)$g1$i2013000023410$lle013$o-$pE0.00$q-$rl$s- $t0$u0$v0$w0$x0$y.i10956207$z28-06-02 996 $aTheoretische Stromunglehre$9918684 997 $aUNISALENTO 998 $ale013$b01-01-95$cm$da $e-$fger$gde $h0$i1